Guess Country by Flag Proposals - Statistics

General Stats
  • This quiz has been taken 11 times
  • The average score is 8 of 116
Answer Stats
Picture Answer % Correct
Algeria
86%
Belgium
43%
Croatia
43%
Czechia/Czech Republic
43%
France
43%
Israel
43%
Bahamas
29%
Bolivia
29%
Brazil
29%
Canada
29%
Colombia
29%
Germany
29%
Kosovo
29%
Kuwait
29%
North Korea
29%
Cape Verde
14%
China
14%
Democratic Republic of the Congo
14%
Egypt
14%
Estonia
14%
Finland
14%
Ghana
14%
Greenland(Denmark)
14%
Hungary
14%
India
14%
Portugal
14%
Russia
14%
Spain
14%
United Nations
14%
Åland(Finland)
0%
Angola
0%
Anguilla(UK)
0%
Armenia
0%
Aruba(The Netherlands)
0%
Australia
0%
Belarus
0%
Bermuda(UK)
0%
Bosnia and Herzegovina
0%
British Indian Ocean Territory(UK)
0%
Bulgaria
0%
Cameroon
0%
Cayman Islands(UK)
0%
Central African Republic
0%
Chuvashia(Russia)
0%
Cook Islands
0%
Costa Rica
0%
Crimea(Ukraine)
0%
Cyprus
0%
European Union
0%
Fiji
0%
French Guyana(France)
0%
Guadeloupe(France)
0%
Guinea-Bissau
0%
Guyana
0%
Iceland
0%
Iraq
0%
Ireland
0%
Italy
0%
Ivory Coast
0%
Jamaica
0%
Karelia(Russia)
0%
Kazakhstan
0%
Komi(Russia)
0%
Kyrgyzstan
0%
Latvia
0%
Lithuania
0%
Luxembourg
0%
Malaysia
0%
Mexico
0%
Moldova
0%
Montenegro
0%
Mozambique
0%
Myanmar
0%
Namibia
0%
Nauru
0%
Nepal
0%
New Caledonia(France)
0%
New Zealand
0%
Nigeria
0%
Northern Ireland(UK)
0%
North Macedonia
0%
Norway
0%
Okinawa(Japan)
0%
Pakistan
0%
Palestine
0%
Panama
0%
Papua New Guinea
0%
Peru
0%
Philippines
0%
Republic of the Congo
0%
Réunion(France)
0%
Romania
0%
Rwanda
0%
Samoa
0%
São Tomé and Príncipe
0%
Serbia
0%
Slovakia
0%
Slovenia
0%
Solomon Islands
0%
South Africa
0%
Suriname
0%
Svalbard(Norway)
0%
Taiwan
0%
Tajikistan
0%
Tanzania
0%
Tatarstan(Russia)
0%
Timor Leste
0%
Togo
0%
Tokelau(New Zealand)
0%
Turkmenistan
0%
Ukraine
0%
United Kingdom
0%
Uzbekistan
0%
Vietnam
0%
Vojvodina(Serbia)
0%
Wales(UK)
0%
No matching quizzes found
Score Distribution
Percent of People with Each Score
Percentile by Number Answered
Your Score History
You have not taken this quiz